Estudios cortesianos: IV centenario de Hernán Cortés
Salvato in:
| Ente Autore: | |
|---|---|
| Natura: | Libro |
| Lingua: | spagnolo |
| Pubblicazione: |
Madrid
Consejo Superior de Investigaciones Científicas
1948
|
| Soggetti: | |
| Tags: |
Aggiungi Tag
Nessun Tag, puoi essere il primo ad aggiungerne!!
|
MARC
| LEADER | 00000nam a2200000 a 4500 | ||
|---|---|---|---|
| 001 | UCO2825 | ||
| 003 | CL-VaPUC | ||
| 008 | 000608e19480000SP |||||||||||||||||spa|d | ||
| 082 | 0 | 4 | |a 923.9 |b INS |2 21 |
| 110 | 2 | |a Instituto Gonzalo Fernández de Oviedo |e author |9 446491 | |
| 245 | 1 | 0 | |a Estudios cortesianos: IV centenario de Hernán Cortés |
| 300 | |a 615 p | ||
| 942 | |c BK | ||
| 945 | |d 20000608 00:00:00 |a rherrera | ||
| 260 | |a Madrid |b Consejo Superior de Investigaciones Científicas |c 1948 | ||
| 600 | 0 | 7 | |a CORTES, HERNAN |2 CL-VaPUC |9 258554 |
| 650 | 0 | |a Biografías |9 255210 | |
| 650 | 7 | |a MARINEROS |2 CL-VaPUC |9 446316 | |
| 650 | 7 | |a EXPLORADORES |2 CL-VaPUC |9 314661 | |
| 650 | 7 | |a COLONIZADORES |2 CL-VaPUC |9 446492 | |
| 650 | 7 | |a SIGLOS 15-16 |2 CL-VaPUC |9 342334 | |
| 583 | |a last modification |c 20000608 00:00:00 |k Rodrigo Vera | ||
| 999 | |c 289320 |d 289318 | ||
| 952 | |0 0 |1 0 |4 0 |6 923_900000000000000_INS_1948 |7 0 |8 X |9 337607 |a BIBHIS |b BIBHIS |d 2019-11-20 |i 1287885 |o 923.9 INS 1948 |p 1287885 |r 2024-01-30 |w 2019-11-20 |y BK_X |k HIS | ||
| 952 | |0 0 |1 0 |4 0 |6 923_900000000000000_INS_1948 |7 0 |8 X |9 337608 |a BIBHIS |b BIBHIS |d 2019-11-20 |i 1287893 |o 923.9 INS 1948 |p 1287893 |r 2024-01-30 |w 2019-11-20 |y BK_X |k HIS | ||
| 952 | |0 0 |1 0 |4 0 |6 923_900000000000000_INS_1948 |7 0 |8 X |9 337609 |a BIBHIS |b BIBHIS |d 2019-11-20 |i 1287907 |o 923.9 INS 1948 |p 1287907 |r 2024-01-30 |w 2019-11-20 |y BK_X |k HIS | ||